Normal view
MARC view
- Japanese literature
Entry Topical Term
001 - CONTROL NUMBER
- control field: 102171
003 - CONTROL NUMBER IDENTIFIER
- control field: NUST
005 - DATE AND TIME OF LATEST TRANSACTION
- control field: 20221101111835.0
008 - FIXED-LENGTH DATA ELEMENTS
- fixed length control field: 221101|| aca||aabn | a|a d
040 ## - CATALOGING SOURCE
- Original cataloging agency: NUST
- Transcribing agency: NUST
150 ## - HEADING--TOPICAL TERM
- Topical term or geographic name entry element: Japanese literature
- Chronological subdivision: 1868-
- Form subdivision: Translations into English
670 ## - SOURCE DATA FOUND
- Source citation: Work cat.: (NUST)0: The Columbia anthology of modern Japanese literature /, c2007.
